| 000 | 01003nmc a2200313 a 4500 | ||
|---|---|---|---|
| 003 | AR-BaBNM | ||
| 005 | 20251128203819.0 | ||
| 008 | 011101s1971 ||||||||||||||000 | spa|| | ||
| 040 | _cAR-BaBNM | ||
| 100 | 1 | _aMarshall, J. Stanley | |
| 245 | 1 | 0 | _aTendencias actuales en la educación científica |
| 260 |
_aBuenos Aires _aMéxico, D.F. _bTroquel _bCentro Regional de Ayuda Técnica. Agencia para el Desarrollo Internacional _c1971 |
||
| 300 | 0 | _a149 p. | |
| 490 | 0 | _aBiblioteca de la nueva educación | |
| 500 | 0 | _aGlosario p. 145-149 | |
| 504 | _aBibliografía p. 141-143 | ||
| 650 | 4 | _aCONCEPTOS CIENTIFICOS | |
| 650 | 4 | _aENSENANZA DE LA FISICA | |
| 650 | 4 | _aENSENANZA DE LA BIOLOGIA | |
| 650 | 4 | _aENSENANZA DE LA QUIMICA | |
| 650 | 4 | _aINVESTIGACION CIENTIFICA | |
| 650 | 4 | _aMEDIOS DE ENSENANZA | |
| 653 | 0 | _aEDUCACION SECUNDARIA | |
| 700 | 1 | _aBurkman, Ernest | |
| 700 | 1 |
_aObourn, Ellsworth _eprologuista |
|
| 700 | 1 |
_aSetaro, Flora _etraductor |
|
| 942 | _cBK | ||
| 998 | _cCarmen | ||
| 999 |
_c5014 _d5014 |
||